Automatické generovanie hudby s hlbokou neurónovou sieťou
Gespeichert in:
| 1. Verfasser: | |
|---|---|
| Weitere Verfasser: | |
| Format: | Manuskript Buch |
| Sprache: | Slowakisch Englisch |
| Veröffentlicht: |
2022
|
| Schlagworte: | |
| Online-Zugang: | http://is.stuba.sk/zp/portal_zp.pl?podrobnosti=155151 |
| Tags: |
Keine Tags, Fügen Sie das erste Tag hinzu!
|
MARC
| LEADER | 00000ntm a22000003a 4500 | ||
|---|---|---|---|
| 001 | stuzp88090 | ||
| 003 | SK-STU | ||
| 005 | 20220625211022.8 | ||
| 007 | ta | ||
| 008 | 150427s2015----xo-----f-mn---000-0-slo-d | ||
| 040 | |a STU |b slo | ||
| 041 | 0 | |a eng | |
| 100 | 1 | |a Skaličan, Michal |u 070200 |4 aut |U FIIT Fakulta informatiky a informačných technológií |T FIIT Ústav informatiky, informačných systémov a softvérového inžinierstva |X 103122 |U I200 |Y 179 |7 103122 | |
| 242 | 0 | 1 | |a Automatické generovanie hudby s hlbokou neurónovou sieťou |y slo |
| 245 | 1 | 0 | |a Automatické generovanie hudby s hlbokou neurónovou sieťou |
| 260 | |c 2022 | ||
| 650 | 4 | |a generovanie audia |2 slo | |
| 650 | 4 | |a neurónové siete |2 slo | |
| 650 | 4 | |a generovanie hudby |2 slo | |
| 650 | 4 | |a neural networks |2 eng | |
| 650 | 4 | |a music generation |2 eng | |
| 650 | 4 | |a audio generation |2 eng | |
| 700 | 1 | |a Dlugolinský, Štefan |4 ths |X 30705 |7 A000030705 | |
| 856 | 4 | |u http://is.stuba.sk/zp/portal_zp.pl?podrobnosti=155151 | |